00532nam a2200169 i 4500001000300000100001900003245007500022260002100097040000800118041000800126080001600134942000700150008004100157999001700198856009800215952004900313bg1 aCIOK, Zbigniew 0aPrzepływ gazów i cieczy w aparatach elektrycznych /cZbigniew Ciok. aWarszawa,c1983. cBPK apol a621.316:532 cKS s pl f |000 0 pol  c22159d22159 uhttp://koha.tu.koszalin.pl/cgi-bin/koha/opac-detail.pl?biblionumber=22159yKatalog online BPK 00104070aBPKbBPKcwo31118p01575330yKS